The imaginative world of Alexander Pope /

Bibliographic Details
Main Author: Damrosch, Leopold
Format: Book
Language:English
Published: Berkeley : University of California Press, [1987]
Subjects:

MARC

Tag First Indicator Second Indicator Subfields
LEADER 00000cam a22000008a 4500
001 in00000006903
005 20151004060021.0
008 861015s1987 caua b 00110 eng
010 |a  86025080  
020 |a 0520059751 (alk. paper) 
035 |a (OCoLC)14588788 
035 |9 AAA1359AM 
040 |a DLC  |c DLC  |d m/c  |d TXA  |d UtOrBLW 
049 |a TXAM  |c [A12557777] 
050 0 0 |a PR3634  |b .D36 1987 
082 0 |a 821/.5  |2 19 
100 1 |a Damrosch, Leopold. 
245 1 4 |a The imaginative world of Alexander Pope /  |c Leopold Damrosch, Jr. 
263 |a 8711 
264 1 |a Berkeley :  |b University of California Press,  |c [1987] 
264 4 |c ©1987 
300 |a ix, 310 pages :  |b illustrations 
336 |a text  |b txt  |2 rdacontent 
337 |a unmediated  |b n  |2 rdamedia 
338 |a volume  |b nc  |2 rdacarrier 
504 |a Includes bibliographical references and index. 
600 1 0 |a Pope, Alexander,  |d 1688-1744  |x Criticism and interpretation. 
999 |a MARS 
999 f f |s 7268c9f4-c0f4-3d67-97cb-d351ecced47f  |i aebc252c-1103-356d-9cb6-25065219ed75  |t 0 
952 f f |p normal  |a Texas A&M University  |b College Station  |c Sterling C. Evans Library  |d Evans: Library Stacks  |t 0  |e PR3634 .D36 1987  |h Library of Congress classification  |i unmediated -- volume  |m A14812557777 
998 f f |a PR3634 .D36 1987  |t 0  |l Evans: Library Stacks